Stadiums of 1978 FIFA World Cup with a Map - Statistics

General Stats
  • This quiz has been taken 18 times
  • The average score is 3 of 6
Answers on the Map
Answers color-coded by a green-red scale on the quiz's map according to % correct below.
 
Answer Stats
Stadium % Correct
Estadio Mario Alberto Kempes
100%
Mâs Monumental
64%
Estadio Gigante de Arroyito
45%
Estadio José Amalfitani
45%
Estadio José María Minella
36%
Estadio Malvinas Argentinas
27%
No matching quizzes found
Score Distribution
Percent of People with Each Score
Percentile by Number Answered
Your Score History
You have not taken this quiz